[Event "Open"]
[Site "Poitiers"]
[Date "2003.05.10"]
[Round "1"]
[White "Durastel, Frederic"]
[Black "Valette, Christian"]
[Result "0-1"]
[WhiteElo "1510"]
[BlackElo "2149"]
[PlyCount "36"]
[EventDate "2003.??.??"]
[EventType "swiss"]
[EventCountry "FRA"]

1. e4 e6 2. d4 d5 3. exd5 exd5 4. Nf3 Bd6 5. Nc3 c6 6. Bg5 Ne7 7. Bd3 Qc7 8.
Qe2 O-O 9. O-O-O Na6 10. h4 Nb4 11. Bxh7+ Kxh7 12. Bxe7 Qxe7 13. Ng5+ Kg8 14.
Qd2 Qf6 15. g3 Bg4 16. a3 Nxc2 17. Ne2 Nxa3 18. bxa3 Bxa3+ 0-1

[Event "Open"]
[Site "Poitiers"]
[Date "2003.05.10"]
[Round "1"]
[White "Egreteau, Eric"]
[Black "Cointot, Julie"]
[Result "1-0"]
[WhiteElo "2034"]
[BlackElo "1350"]
[PlyCount "71"]
[EventDate "2003.??.??"]
[EventType "swiss"]
[EventCountry "FRA"]

1. e4 e6 2. Nc3 d5 3. d4 dxe4 4. Nxe4 Bd7 5. Nf3 Bc6 6. Neg5 Bxf3 7. Qxf3 Nf6
8. Qxb7 Nbd7 9. Bd3 Be7 10. O-O O-O 11. c4 Ng4 12. Nxh7 Nb6 13. Qe4 g6 14. Nxf8
Nf6 15. Qh4 Qxf8 16. Bg5 Qd8 17. Rfe1 Kf8 18. Qh8+ Ng8 19. Bh6+ Ke8 20. Qxg8+
Kd7 21. Qxf7 Kc8 22. Qxe6+ Kb8 23. Qxe7 Qxd4 24. Qe8+ Nc8 25. Be4 Qxc4 26. Bxa8
Qa6 27. Bc6 Qb6 28. Re3 Qxe3 29. Bxe3 g5 30. Rc1 a5 31. Rc5 g4 32. Kf1 g3 33.
f3 gxh2 34. Ke2 a4 35. Rc4 h1=Q 36. Rb4# 1-0

[Event "Open"]
[Site "Poitiers"]
[Date "2003.05.10"]
[Round "1"]
[White "Epain, Jackie"]
[Black "Saada, Julien"]
[Result "0-1"]
[WhiteElo "1600"]
[BlackElo "2218"]
[PlyCount "100"]
[EventDate "2003.??.??"]
[EventType "swiss"]
[EventCountry "FRA"]

1. d4 d5 2. c4 e6 3. Nc3 Nf6 4. cxd5 exd5 5. Bg5 Be7 6. Qc2 c6 7. e3 O-O 8. Bd3
Nbd7 9. Nf3 Re8 10. O-O Nf8 11. h3 Be6 12. Rab1 a5 13. Na4 N6d7 14. Bf4 Ng6 15.
Bg3 Bf8 16. Rfc1 Qf6 17. a3 Bxh3 18. Bxg6 hxg6 19. Bh4 Bf5 20. Qe2 Qd6 21. Bg3
Qe7 22. Ra1 Bg4 23. Qf1 b5 24. Nc5 Bxf3 25. gxf3 Nxc5 26. dxc5 Qf6 27. Qe2 a4
28. Kg2 g5 29. Qc2 g6 30. Rd1 Bg7 31. Rd2 g4 32. f4 Re4 33. Rh1 Rc4 34. Qb1 Re8
35. Qd1 Qe6 36. f5 Qxf5 37. Bd6 Qe4+ 38. Kg1 Be5 39. Bxe5 Rxe5 40. Rd4 Rxd4 41.
Qxd4 Qxd4 42. exd4 Re4 43. Kg2 Rxd4 44. Re1 Rd2 45. Kg3 Rxb2 46. Kxg4 Rxf2 47.
Kg3 Ra2 48. Kf4 Rxa3 49. Ke5 Re3+ 50. Kd6 Re6+ 0-1

[Event "Open"]
[Site "Poitiers"]
[Date "2003.05.10"]
[Round "1"]
[White "Flament, Alexandre"]
[Black "Demuth, Gilles"]
[Result "1-0"]
[WhiteElo "2122"]
[BlackElo "1470"]
[PlyCount "43"]
[EventDate "2003.??.??"]
[EventType "swiss"]
[EventCountry "FRA"]

1. e4 e5 2. Bc4 Nf6 3. d4 Nc6 4. d5 Ne7 5. f4 exf4 6. e5 Nfxd5 7. Bxd5 Nxd5 8.
Qxd5 Qh4+ 9. Kf1 c6 10. Nf3 Qg4 11. Qd4 g5 12. e6 Qxe6 13. Qxh8 Qd6 14. Qe5+
Qxe5 15. Nxe5 f6 16. Nf3 b6 17. Nc3 Bb7 18. Bd2 O-O-O 19. Re1 Bd6 20. Ne4 Be7
21. Bc3 Rf8 22. Nexg5 1-0

[Event "Open"]
[Site "Poitiers"]
[Date "2003.05.10"]
[Round "1"]
[White "Jolivet, Hubert"]
[Black "Voisembert, Alain"]
[Result "0-1"]
[WhiteElo "1360"]
[BlackElo "2050"]
[PlyCount "36"]
[EventDate "2003.??.??"]
[EventType "swiss"]
[EventCountry "FRA"]

1. e4 c5 2. Nf3 Nc6 3. d4 cxd4 4. Nxd4 Nf6 5. Nc3 e5 6. Nf3 Bb4 7. Bc4 Nxe4 8.
Qd5 Nd6 9. Bb3 O-O 10. O-O Qa5 11. Qd3 Bxc3 12. bxc3 e4 13. Qxd6 exf3 14. g3
Qe5 15. Qd3 Qf6 16. Rb1 Ne5 17. Qd4 Qf5 18. Bd5 Qh3 0-1

[Event "Open"]
[Site "Poitiers"]
[Date "2003.05.10"]
[Round "1"]
[White "Templier, Benoit"]
[Black "Renaud, Olivier"]
[Result "0-1"]
[WhiteElo "1460"]
[BlackElo "2096"]
[PlyCount "76"]
[EventDate "2003.??.??"]
[EventType "swiss"]
[EventCountry "FRA"]

1. c4 e6 2. Nc3 d5 3. cxd5 exd5 4. d4 Nf6 5. a3 c6 6. Nf3 Bd6 7. Bg5 Nbd7 8. e3
O-O 9. Bd3 Re8 10. O-O Qc7 11. h3 Ne4 12. Qc2 f5 13. Bxe4 fxe4 14. Nd2 h6 15.
Bh4 g5 16. Bg3 Bxg3 17. fxg3 Qxg3 18. Rae1 Nf6 19. Nb3 Bxh3 20. Qf2 Qg4 21. Kh1
Nh5 22. gxh3 Qxh3+ 23. Kg1 Rf8 24. Qg2 Rxf1+ 25. Rxf1 Qxe3+ 26. Qf2 Qxf2+ 27.
Rxf2 Nf4 28. Kh2 Kh7 29. Kg3 Kg6 30. Nc1 Re8 31. N3e2 Ne6 32. Nb3 b6 33. Nd2 c5
34. Nb3 c4 35. Nd2 e3 36. Rg2 exd2 37. Nc3 d1=Q 38. Nxd1 Nxd4 0-1

[Event "Open"]
[Site "Poitiers"]
[Date "2003.??.??"]
[Round "1"]
[White "Tranchant, Sebastien"]
[Black "Marchais, Aurelie"]
[Result "1-0"]
[WhiteElo "2144"]
[BlackElo "1510"]
[PlyCount "53"]
[EventDate "2003.??.??"]
[EventType "swiss"]
[EventCountry "FRA"]

1. e4 c5 2. Nf3 Nc6 3. Nc3 Nf6 4. d4 cxd4 5. Nxd4 e5 6. Ndb5 d6 7. Bg5 a6 8.
Na3 b5 9. Bxf6 gxf6 10. Nd5 f5 11. Bd3 Be6 12. O-O Bg7 13. Qh5 O-O 14. exf5
Bxd5 15. f6 e4 16. fxg7 Re8 17. Qxd5 exd3 18. Qxc6 b4 19. Nc4 dxc2 20. Ne3 Rc8
21. Qf3 Rc5 22. Rac1 Qc7 23. Nd5 Qc8 24. Nf6+ Kxg7 25. Nxe8+ Qxe8 26. Qg3+ Kh8
27. Qxd6 1-0

[Event "Open"]
[Site "Poitiers"]
[Date "2003.05.10"]
[Round "1"]
[White "Vaquier, Albert"]
[Black "Perrin, Guillaume"]
[Result "0-1"]
[WhiteElo "1480"]
[BlackElo "2134"]
[PlyCount "58"]
[EventDate "2003.??.??"]
[EventType "swiss"]
[EventCountry "FRA"]

1. e4 c5 2. Nf3 Nc6 3. d4 cxd4 4. Nxd4 e5 5. Nxc6 bxc6 6. Bc4 Nf6 7. f3 Bc5 8.
Nc3 O-O 9. Bg5 Rb8 10. Bb3 a5 11. Na4 Ba7 12. Qd6 Nxe4 13. Bxd8 Nxd6 14. Be7
Nf5 15. Bxf8 Kxf8 16. O-O-O d5 17. Rhe1 Ne3 18. Rd2 d4 19. c3 c5 20. c4 Be6 21.
g4 f6 22. Kb1 Ke7 23. Rc1 Rb4 24. Nxc5 Bxc5 25. Rd3 a4 26. a3 Rxb3 27. Rxb3
axb3 28. Re1 Bxc4 29. Kc1 Nc2 0-1

[Event "Open"]
[Site "Poitiers"]
[Date "2003.05.10"]
[Round "2"]
[White "Andrianasolonari, Jean"]
[Black "Bouvier, Bruno"]
[Result "0-1"]
[WhiteElo "1900"]
[BlackElo "2211"]
[PlyCount "68"]
[EventDate "2003.??.??"]
[EventType "swiss"]
[EventCountry "FRA"]

1. d4 Nf6 2. Nf3 g6 3. c4 Bg7 4. Nc3 d5 5. Bf4 O-O 6. e3 c5 7. Qd2 Nc6 8. Be2
Ne4 9. Nxe4 dxe4 10. Ne5 cxd4 11. exd4 Qxd4 12. Nxc6 bxc6 13. Qxd4 Bxd4 14. Rb1
f6 15. O-O e5 16. Bd2 Rb8 17. b4 Rd8 18. Rfd1 Bf5 19. Be3 Be6 20. Bd2 f5 21. g3
Kg7 22. h4 Rd7 23. a4 Rbd8 24. Bg5 Rf8 25. Be3 h6 26. b5 c5 27. b6 axb6 28.
Rxb6 Bf7 29. a5 Ra8 30. Bd2 f4 31. g4 Bxf2+ 32. Kxf2 Rxd2 33. Ke1 Rxd1+ 34.
Bxd1 Bxc4 0-1

[Event "Open"]
[Site "Poitiers"]
[Date "2003.05.10"]
[Round "2"]
[White "Dabadie, Benoit"]
[Black "Flament, Alexandre"]
[Result "0-1"]
[WhiteElo "1800"]
[BlackElo "2122"]
[PlyCount "74"]
[EventDate "2003.??.??"]
[EventType "swiss"]
[EventCountry "FRA"]

1. Nf3 d5 2. c4 e6 3. b3 f5 4. Bb2 Nf6 5. d3 Bc5 6. e3 O-O 7. Be2 c6 8. Nbd2
Nbd7 9. O-O Qe7 10. Rc1 b6 11. Rc2 Bb7 12. Qa1 Rae8 13. Ne5 Nxe5 14. Bxe5 Nd7
15. Nf3 Nxe5 16. Nxe5 Bd6 17. f4 c5 18. Bh5 Rd8 19. Bf3 Qc7 20. cxd5 exd5 21.
d4 Qe7 22. Re1 Qh4 23. g3 Qe7 24. Bh1 Rfe8 25. Rce2 Qf6 26. Qb2 Bf8 27. Qc3 a5
28. a4 cxd4 29. exd4 Bb4 30. Qd3 Bxe1 31. Rxe1 Rc8 32. Bg2 Re7 33. Bf3 Rec7 34.
Bd1 Rc3 35. Qb5 Qd8 36. Kg2 Qe8 37. Qe2 Qh5 0-1

[Event "Open"]
[Site "Poitiers"]
[Date "2003.05.10"]
[Round "2"]
[White "Demuth, Adrien"]
[Black "Tranchant, Sebastien"]
[Result "1-0"]
[WhiteElo "1880"]
[BlackElo "2144"]
[PlyCount "74"]
[EventDate "2003.??.??"]
[EventType "swiss"]
[EventCountry "FRA"]

1. d4 Nf6 2. c4 g6 3. Nc3 Bg7 4. e4 d6 5. Nf3 O-O 6. Be2 e5 7. dxe5 dxe5 8.
Qxd8 Rxd8 9. Bg5 Re8 10. O-O-O c6 11. Nxe5 Nxe4 12. Nxe4 Bxe5 13. f4 f5 14.
fxe5 fxe4 15. c5 Be6 16. Rd6 Bxa2 17. b3 Bxb3 18. Kb2 Bd5 19. e6 Na6 20. Bxa6
bxa6 21. e7 Rab8+ 22. Kc3 Rbc8 23. Rf1 Kg7 24. Kd4 Rc7 25. Bf6+ Kf7 26. Bg5+
Kg7 27. Bf6+ Kf7 28. Rxd5 cxd5 29. Be5+ Kxe7 30. Bxc7 Kd7 31. Bd6 e3 32. Kxd5
e2 33. Re1 Re3 34. Kd4 Re8 35. Kd3 Re6 36. Rxe2 Rf6 37. Re7+ Kc6 1-0

[Event "Open"]
[Site "Poitiers"]
[Date "2003.05.10"]
[Round "2"]
[White "Saada, Julien"]
[Black "Lerner, Fabien"]
[Result "1-0"]
[WhiteElo "2218"]
[BlackElo "1930"]
[PlyCount "47"]
[EventDate "2003.??.??"]
[EventType "swiss"]
[EventCountry "FRA"]

1. d4 Nf6 2. Bg5 d5 3. Bxf6 gxf6 4. e3 e5 5. c4 c6 6. Nc3 Bb4 7. Rc1 Bxc3+ 8.
Rxc3 Be6 9. Nf3 Bg4 10. dxe5 fxe5 11. cxd5 Bxf3 12. Qxf3 cxd5 13. Bb5+ Kf8 14.
Qf5 Nc6 15. Bxc6 bxc6 16. Qxe5 Rg8 17. O-O Qd7 18. Rb3 Rg6 19. g3 Qh3 20. Rb7
Re8 21. Qh8+ Rg8 22. Qf6 Rg7 23. Qxc6 Rxe3 24. Qc5+ 1-0

[Event "Open"]
[Site "Poitiers"]
[Date "2003.05.10"]
[Round "2"]
[White "Valette, Christian"]
[Black "Chougar, Anis"]
[Result "1-0"]
[WhiteElo "2149"]
[BlackElo "1900"]
[PlyCount "68"]
[EventDate "2003.??.??"]
[EventType "swiss"]
[EventCountry "FRA"]

1. d4 f5 2. e4 fxe4 3. Nc3 Nf6 4. Bg5 g6 5. h4 h6 6. Bxf6 exf6 7. Qg4 Kf7 8. h5
g5 9. Qf5 d5 10. Qxd5+ Qxd5 11. Nxd5 Bd6 12. Bc4 Be6 13. Ne2 c6 14. Ne3 Bxc4
15. Nxc4 Bc7 16. g4 Na6 17. O-O-O Nb4 18. Nc3 Nd5 19. Nxe4 Bf4+ 20. Kb1 Rhd8
21. Rhe1 b6 22. Ng3 Bxg3 23. fxg3 Nc7 24. Rf1 Kg7 25. Ne3 Nb5 26. Nf5+ Kh7 27.
c3 Nd6 28. Rde1 Nxf5 29. Rxf5 Re8 30. Rxe8 Rxe8 31. Rxf6 Re3 32. Rxc6 Rxg3 33.
d5 Re3 34. d6 Re8 1-0

[Event "Open"]
[Site "Poitiers"]
[Date "2003.??.??"]
[Round "3"]
[White "Bonn, Thomas"]
[Black "Valette, Christian"]
[Result "0-1"]
[WhiteElo "1780"]
[BlackElo "2149"]
[PlyCount "44"]
[EventDate "2003.??.??"]
[EventType "swiss"]
[EventCountry "FRA"]

1. e4 e6 2. d4 d5 3. Nc3 Nf6 4. e5 Nfd7 5. f4 c5 6. Nf3 Nc6 7. Be3 a6 8. Be2 b5
9. a3 Qb6 10. O-O cxd4 11. Nxd4 Bc5 12. Nf5 Bxe3+ 13. Nxe3 Qxe3+ 14. Kh1 Rb8
15. f5 Ndxe5 16. fxe6 Bxe6 17. Nxd5 Bxd5 18. Qxd5 Rd8 19. Qb3 Qxb3 20. cxb3 O-O
21. a4 Nd4 22. Bd1 b4 0-1

[Event "Open"]
[Site "Poitiers"]
[Date "2003.??.??"]
[Round "3"]
[White "Egreteau, Eric"]
[Black "Saada, Julien"]
[Result "0-1"]
[WhiteElo "2034"]
[BlackElo "2218"]
[PlyCount "50"]
[EventDate "2003.??.??"]
[EventType "swiss"]
[EventCountry "FRA"]

1. e4 c6 2. d3 d5 3. Nd2 Nf6 4. h3 e5 5. Ngf3 Bd6 6. c3 O-O 7. Qc2 Nbd7 8. g3
b6 9. Be2 Ba6 10. O-O Re8 11. Re1 Nf8 12. Nh4 Bc8 13. Kh2 Bc5 14. Rf1 Qd7 15.
g4 Ng6 16. Nxg6 hxg6 17. b4 Bd6 18. a3 Bb7 19. Bf3 Rac8 20. Bg2 c5 21. bxc5
Bxc5 22. Nb3 Bd4 23. Nxd4 exd4 24. Bb2 dxc3 25. Bxc3 d4 0-1

[Event "Open"]
[Site "Poitiers"]
[Date "2003.??.??"]
[Round "3"]
[White "Flament, Alexandre"]
[Black "Demuth, Adrien"]
[Result "1-0"]
[WhiteElo "2122"]
[BlackElo "1880"]
[PlyCount "79"]
[EventDate "2003.??.??"]
[EventType "swiss"]
[EventCountry "FRA"]

1. e4 e5 2. Bc4 Nc6 3. Nf3 Nf6 4. d4 d6 5. dxe5 Nxe5 6. Nxe5 dxe5 7. Bxf7+ Ke7
8. Qxd8+ Kxd8 9. Bg5 Bc5 10. Nc3 Ke7 11. Bc4 c6 12. O-O Rf8 13. Kh1 Be6 14.
Bxe6 Kxe6 15. f3 a6 16. Bh4 g5 17. Bf2 Bxf2 18. Rxf2 Rad8 19. Kg1 Rd4 20. Ne2
Rd7 21. Kf1 Rfd8 22. Ke1 Kf7 23. Nc3 Ke6 24. Rd1 Rxd1+ 25. Nxd1 g4 26. Ne3 gxf3
27. gxf3 Nh5 28. Nf5 Rh8 29. Rd2 Nf6 30. Rd6+ Kf7 31. Ke2 h5 32. Ke3 Re8 33.
Rd3 Rb8 34. Ra3 a5 35. Rb3 b6 36. a4 c5 37. Nd6+ Ke6 38. Nc4 Nd7 39. Rd3 Rc8
40. Rxd7 1-0

[Event "Open"]
[Site "Poitiers"]
[Date "2003.05.10"]
[Round "3"]
[White "Tranchant, Sebastien"]
[Black "Naveilhan, Roland"]
[Result "1-0"]
[WhiteElo "2144"]
[BlackElo "1570"]
[PlyCount "95"]
[EventDate "2003.??.??"]
[EventType "swiss"]
[EventCountry "FRA"]

1. e4 e5 2. f4 d6 3. Bc4 Nf6 4. d3 Nc6 5. Nf3 Na5 6. Bb3 Nxb3 7. axb3 exf4 8.
Bxf4 Bg4 9. O-O Be7 10. Nc3 O-O 11. h3 Bd7 12. Ne2 a6 13. Qd2 Nh5 14. Be3 f5
15. exf5 Nf6 16. g4 Nd5 17. Bf2 h6 18. c4 Nf6 19. Nf4 Nh7 20. Ng6 Bg5 21. Qc3
Bf6 22. d4 Re8 23. Qd3 Nf8 24. Nf4 c6 25. Nh5 Bg5 26. h4 Bf6 27. Rfe1 Nh7 28.
Nf4 Qc7 29. Bg3 Qc8 30. Kg2 b5 31. Rxe8+ Qxe8 32. Re1 Qf7 33. Ng6 bxc4 34. bxc4
d5 35. c5 a5 36. Bd6 Re8 37. Nfe5 Bxe5 38. dxe5 Bc8 39. Rf1 Qb7 40. Rf2 Qb4 41.
Qf3 h5 42. gxh5 a4 43. Kh2 Nf8 44. f6 Nxg6 45. f7+ Kh7 46. hxg6+ Kh6 47. Qe3+
Kxg6 48. Qg5+ 1-0

[Event "Open"]
[Site "Poitiers"]
[Date "2003.??.??"]
[Round "4"]
[White "Edouard, Romain"]
[Black "Lemonnier, Remi"]
[Result "1-0"]
[WhiteElo "2088"]
[BlackElo "1850"]
[PlyCount "75"]
[EventDate "2003.??.??"]
[EventType "swiss"]
[EventCountry "FRA"]

1. e4 c5 2. Nc3 Nc6 3. d3 g6 4. g3 Bg7 5. Bg2 e6 6. Be3 Nd4 7. Qd2 Nf6 8. h3 d5
9. Nge2 Qb6 10. Rb1 Nxe2 11. Nxe2 O-O 12. e5 Nd7 13. d4 Qc7 14. c3 Nb6 15. b3
f6 16. f4 fxe5 17. fxe5 Bd7 18. Nf4 Rac8 19. Nd3 cxd4 20. cxd4 Qc3 21. Nc5
Qxd2+ 22. Kxd2 Rc7 23. h4 Rfc8 24. Bh3 Bxe5 25. Nxd7 Rc2+ 26. Kd1 R2c3 27. Nxb6
R8c6 28. dxe5 Rxe3 29. Nd7 Rcc3 30. Bxe6+ Kg7 31. Rb2 d4 32. h5 d3 33. h6+ Kh8
34. Rf1 Rc8 35. Rbf2 Rf3 36. Rxf3 Rc1+ 37. Kxc1 d2+ 38. Kxd2 1-0

[Event "Open"]
[Site "Poitiers"]
[Date "2003.??.??"]
[Round "4"]
[White "Perrin, Guillaume"]
[Black "Bouvier, Bruno"]
[Result "1-0"]
[WhiteElo "2134"]
[BlackElo "2211"]
[PlyCount "114"]
[EventDate "2003.??.??"]
[EventType "swiss"]
[EventCountry "FRA"]

1. e4 c5 2. Nf3 d6 3. d4 cxd4 4. Nxd4 Nf6 5. Nc3 a6 6. Bg5 e6 7. f4 Qc7 8. Qf3
b5 9. O-O-O b4 10. e5 Bb7 11. Ncb5 axb5 12. Bxb5+ Nbd7 13. Qh3 Bd5 14. exf6 g6
15. Rhe1 Rxa2 16. Bc6 Ra1+ 17. Kd2 Rxd1+ 18. Kxd1 Qb6 19. Nxe6 Bxc6 20. Nxf8+
Kd8 21. Nxd7 Bxd7 22. Qe3 Qa5 23. Qe7+ Kc8 24. Qxf7 b3 25. Qc4+ Qc7 26. Qxc7+
Kxc7 27. cxb3 h6 28. Bh4 d5 29. Re7 Rf8 30. Rg7 Kd6 31. Rxg6 Be6 32. g4 d4 33.
f5 Bxb3+ 34. Kd2 Ke5 35. Kd3 Rc8 36. Bg3+ Kd5 37. f7 Bc4+ 38. Kd2 Rf8 39. Rf6
Ke4 40. Re6+ Kf3 41. Rc6 Bd5 42. Rd6 Ke4 43. Rd7 h5 44. g5 Bxf7 45. Bd6 Be6 46.
Bxf8 Bxd7 47. f6 Kf5 48. h3 Be8 49. b4 Ke6 50. Be7 Bg6 51. b5 Kd5 52. b6 Kc6
53. Bc5 d3 54. Be3 Kb7 55. Kc3 Ka6 56. Kd4 Kxb6 57. Ke5+ Kc7 1-0

[Event "Open"]
[Site "Poitiers"]
[Date "2003.??.??"]
[Round "4"]
[White "Saada, Julien"]
[Black "Flament, Alexandre"]
[Result "1-0"]
[WhiteElo "2218"]
[BlackElo "2122"]
[PlyCount "55"]
[EventDate "2003.??.??"]
[EventType "swiss"]
[EventCountry "FRA"]

1. d4 e6 2. Nf3 f5 3. c4 Nf6 4. g3 b6 5. Bg2 Bb7 6. O-O Be7 7. Nc3 O-O 8. d5
exd5 9. cxd5 Bc5 10. Nd4 Ng4 11. Nb3 Bd6 12. e4 Ba6 13. Re1 Qf6 14. f4 Bc4 15.
Nd4 Bc5 16. e5 Re8 17. b4 Qh6 18. h3 Bxb4 19. Bb2 Nxe5 20. fxe5 Qg5 21. Qf3 Qd2
22. Na4 Qg5 23. Bc3 Na6 24. h4 Qg6 25. Nb2 f4 26. Nxc4 fxg3 27. Bxb4 Nxb4 28.
Qe4 1-0

[Event "Open"]
[Site "Poitiers"]
[Date "2003.??.??"]
[Round "4"]
[White "Valette, Christian"]
[Black "David, Vincent"]
[Result "0-1"]
[WhiteElo "2149"]
[BlackElo "2351"]
[PlyCount "65"]
[EventDate "2003.??.??"]
[EventType "swiss"]
[EventCountry "FRA"]

1. d4 d5 2. Nf3 c5 3. e3 cxd4 4. exd4 Nf6 5. c3 Nc6 6. Be2 Qc7 7. O-O Bg4 8.
Re1 e6 9. Ne5 Bxe2 10. Qxe2 Bd6 11. Bf4 O-O 12. Nd2 Rfe8 13. Bg3 a6 14. Qf3
Rac8 15. h4 h6 16. Bf4 Bxe5 17. dxe5 Nd7 18. Qg3 Ne7 19. h5 Qb6 20. Nb3 Nf5 21.
Qf3 Nc5 22. g4 Nxb3 23. gxf5 Nxa1 24. f6 gxf6 25. exf6 Kh7 26. Qe4+ Kh8 27.
Bxh6 Rg8+ 28. Bg7+ Rxg7+ 29. fxg7+ Kxg7 30. h6+ Kxh6 31. Qg4 Qc7 32. Re5 f6 33.
Qf4+ 0-1

[Event "Open"]
[Site "Poitiers"]
[Date "2003.??.??"]
[Round "4"]
[White "Voisembert, Alain"]
[Black "Bonn, Thomas"]
[Result "1-0"]
[WhiteElo "2050"]
[BlackElo "1780"]
[PlyCount "63"]
[EventDate "2003.??.??"]
[EventType "swiss"]
[EventCountry "FRA"]

1. e4 c5 2. Nf3 Nc6 3. d4 cxd4 4. Nxd4 e5 5. Nb5 a6 6. N5c3 Nf6 7. Bg5 Be7 8.
Bc4 d6 9. O-O O-O 10. Bxf6 Bxf6 11. Nd5 Bg5 12. a3 Kh8 13. f4 exf4 14. Nxf4
Qb6+ 15. Kh1 Qxb2 16. Ra2 Qe5 17. Nd3 Qxe4 18. Bxf7 Bh3 19. c4 Bg4 20. Nc3 Qd4
21. Ne2 Qe3 22. h3 Bxh3 23. Rf3 Qe7 24. Bd5 Bg4 25. Rg3 h5 26. Ne1 Bh4 27. Rxg4
hxg4 28. g3 Bxg3 29. Nxg3 Qh4+ 30. Rh2 Qxh2+ 31. Kxh2 Rf2+ 32. Kg1 1-0

[Event "Open"]
[Site "Poitiers"]
[Date "2003.??.??"]
[Round "5"]
[White "Bouvier, Bruno"]
[Black "Guinovart, Jose"]
[Result "1-0"]
[WhiteElo "2211"]
[BlackElo "1956"]
[PlyCount "45"]
[EventDate "2003.??.??"]
[EventType "swiss"]
[EventCountry "FRA"]

1. e4 d6 2. d4 Nf6 3. Nc3 c6 4. Nf3 Qc7 5. g3 e5 6. Bg2 Be7 7. O-O O-O 8. b3
Bg4 9. h3 Bxf3 10. Bxf3 exd4 11. Qxd4 Nbd7 12. Bb2 Ne5 13. Bg2 Nfd7 14. f4 d5
15. Kh2 Bc5 16. Qd1 d4 17. Na4 Ng6 18. Nxc5 Nxc5 19. Qxd4 Ne6 20. Qc3 c5 21. f5
Nd4 22. fxg6 fxg6 23. Qxd4 1-0

[Event "Open"]
[Site "Poitiers"]
[Date "2003.??.??"]
[Round "5"]
[White "Valette, Christian"]
[Black "Perrin, Guillaume"]
[Result "0-1"]
[WhiteElo "2149"]
[BlackElo "2134"]
[PlyCount "77"]
[EventDate "2003.??.??"]
[EventType "swiss"]
[EventCountry "FRA"]

1. d4 d5 2. Nf3 Nf6 3. e3 Bf5 4. c4 e6 5. Qb3 Qc8 6. Nc3 c6 7. Be2 Nbd7 8. O-O
Qc7 9. Bd2 Be7 10. Rac1 Qb6 11. Rfd1 Ne4 12. Be1 O-O 13. Nxe4 Bxe4 14. Nd2 Bg6
15. Nf3 Bh5 16. Bc3 Nf6 17. Re1 Nd7 18. Qa4 Qc7 19. cxd5 exd5 20. Ba5 Qd6 21.
a3 Kh8 22. Bb4 Qe6 23. Bxe7 Qxe7 24. b4 Bxf3 25. Bxf3 Nb6 26. Qb3 Nc4 27. Qc3
Nd6 28. Qc5 Rfe8 29. a4 a6 30. g3 Nc4 31. Qxe7 Rxe7 32. Kg2 Nb2 33. Ra1 Nc4 34.
b5 g6 35. bxc6 bxc6 36. Rab1 Rc7 37. Be2 Nd2 38. Rb6 c5 39. Bb5 0-1

[Event "AGF Nantes"]
[Site "Nantes"]
[Date "2001.12.10"]
[Round "1"]
[White "Loizil, Joel"]
[Black "Moutaux, Robert"]
[Result "0-1"]
[WhiteElo "1650"]
[BlackElo "1970"]
[PlyCount "96"]
[EventDate "2002.01.??"]
[EventCountry "FRA"]

1. e4 c5 2. Nf3 d6 3. d4 cxd4 4. Nxd4 Nf6 5. Nc3 a6 6. Be2 e5 7. Nb3 Be6 8. O-O
Nbd7 9. Be3 Be7 10. Kh1 O-O 11. f4 Qc7 12. Bf3 exf4 13. Bxf4 Ne5 14. Nd4 Nxf3
15. gxf3 Nh5 16. Be3 Qd7 17. Nde2 f5 18. Nf4 Nxf4 19. Bxf4 Kh8 20. Nd5 Bd8 21.
Qd2 Rc8 22. Rad1 Bxd5 23. exd5 Bf6 24. c3 b5 25. Rfe1 Rfe8 26. Rxe8+ Rxe8 27.
Re1 Be5 28. Bg3 Kg8 29. Qe3 Kf7 30. f4 Bf6 31. Qxe8+ Qxe8 32. Rxe8 Kxe8 33. Kg2
Kd7 34. Kf3 Kc7 35. Bf2 b4 36. cxb4 Bxb2 37. Ke2 Ba3 38. Bd4 g6 39. Bc3 Kb6 40.
Kd3 Kb5 41. Bf6 Bxb4 42. Bd4 Ka4 43. Bb2 Ba3 44. Bf6 Bc1 45. Bg5 Ka3 46. Kc4
Kxa2 47. Kb4 Bd2+ 48. Ka4 Kb2 0-1

[Event "AGF Nantes"]
[Site "Nantes"]
[Date "2001.12.10"]
[Round "1"]
[White "Rosenfeld, Imre"]
[Black "Hocher, Eugene"]
[Result "0-1"]
[WhiteElo "2057"]
[BlackElo "1680"]
[PlyCount "69"]
[EventDate "2002.01.??"]
[EventCountry "FRA"]

1. d4 Nf6 2. Nf3 g6 3. Bg5 Bg7 4. Nbd2 d6 5. e4 c6 6. c3 Qc7 7. Qc2 Nbd7 8. Be2
O-O 9. O-O Re8 10. Rfe1 e5 11. dxe5 Nxe5 12. Nxe5 dxe5 13. f3 Be6 14. Be3 Red8
15. Red1 Ne8 16. Nc4 b5 17. Nd2 Nd6 18. c4 a6 19. cxb5 Nxb5 20. Rdc1 Rac8 21.
a4 Nd4 22. Bxd4 exd4 23. Bxa6 d3 24. Qb1 Qb6+ 25. Kh1 Qxa6 26. Ra3 Rb8 27. b3
Rb4 28. g3 Rdb8 29. Kg2 Bd4 30. Qa2 Be3 31. Rc3 Bg5 32. f4 Be7 33. Qb1 Rd4 34.
Qc1 Bxa3 35. Qxa3 0-1

[Event "AGF Nantes"]
[Site "Nantes"]
[Date "2001.12.11"]
[Round "2"]
[White "Demange, Jean"]
[Black "Clairen, Michel"]
[Result "0-1"]
[WhiteElo "1680"]
[BlackElo "1860"]
[PlyCount "86"]
[EventDate "2002.01.??"]
[EventCountry "FRA"]

1. e4 e6 2. d4 d5 3. e5 c5 4. c3 Nc6 5. Nf3 Nge7 6. Bd3 Ng6 7. O-O Be7 8. Be3
Qc7 9. Re1 b6 10. Nbd2 Bd7 11. Rc1 f6 12. exf6 gxf6 13. Nf1 O-O-O 14. c4 Bd6
15. dxc5 bxc5 16. cxd5 Nce5 17. b4 c4 18. Bxg6 hxg6 19. Nxe5 Bxe5 20. g3 Bb2
21. d6 Qc6 22. Rc2 c3 23. Bc5 e5 24. Re3 Bf5 25. Rexc3 Bxc3 26. Rxc3 Kd7 27.
Qd2 Rc8 28. f4 exf4 29. Qxf4 Qe4 30. Qxe4 Bxe4 31. Ne3 Rhf8 32. Ra3 Ra8 33.
Rxa7+ Rxa7 34. Bxa7 Ra8 35. Bd4 Rxa2 36. Bxf6 Kxd6 37. Ng4 Ke6 38. Bc3 Rc2 39.
Be1 Bf3 40. Nf2 Kd5 41. h4 Kd4 42. b5 Ke3 43. b6 Ke2 0-1

[Event "AGF Nantes"]
[Site "Nantes"]
[Date "2001.12.12"]
[Round "3"]
[White "Casamayou, Gerard"]
[Black "Thomas, Jeannine"]
[Result "0-1"]
[WhiteElo "1720"]
[BlackElo "1440"]
[PlyCount "66"]
[EventDate "2002.01.??"]
[EventCountry "FRA"]

1. d4 b6 2. e4 Bb7 3. Bd3 e6 4. Nf3 Nf6 5. Qe2 Be7 6. e5 Nd5 7. Be4 c6 8. Nbd2
Ba6 9. Nc4 b5 10. Bxd5 cxd5 11. Ncd2 Qc8 12. Nb3 b4 13. Qd1 Nc6 14. Bd2 Qb7 15.
Rc1 Bc4 16. c3 a5 17. Be3 a4 18. Nbd2 Bxa2 19. Ra1 b3 20. O-O a3 21. Qe2 axb2
22. Rad1 Rc8 23. Nb1 Bxb1 24. Rxb1 Ba3 25. Bd2 Na7 26. Qd1 Qb5 27. Re1 Qc4 28.
Re3 O-O 29. Be1 Nb5 30. Qd3 Qxd3 31. Rxd3 Rc4 32. Nd2 Rxc3 33. Rxc3 Nxc3 0-1

[Event "AGF Nantes"]
[Site "Nantes"]
[Date "2001.12.12"]
[Round "4"]
[White "Moutaux, Robert"]
[Black "Weisz, Pierre"]
[Result "1/2-1/2"]
[WhiteElo "1970"]
[BlackElo "1920"]
[PlyCount "75"]
[EventDate "2002.01.??"]
[EventCountry "FRA"]

1. d4 d5 2. c4 e6 3. Nc3 Nf6 4. Bg5 c5 5. cxd5 cxd4 6. Qa4+ Qd7 7. Qxd4 Be7 8.
e4 O-O 9. Bb5 Qd8 10. h4 Nc6 11. Qd2 exd5 12. exd5 Ne5 13. O-O-O Qd6 14. Nge2
a6 15. Bd3 Nxd3+ 16. Qxd3 Bd7 17. Bf4 Qc5 18. d6 Bd8 19. Be3 Qa5 20. Nd4 Rc8
21. Nb3 Qh5 22. f3 b5 23. g4 Qg6 24. Qxg6 fxg6 25. Kb1 Re8 26. Rhe1 Kf7 27. Nd5
Nxd5 28. Rxd5 Bb6 29. Bd2 Bf2 30. Rxe8 Rxe8 31. Bg5 h5 32. Nc5 Bxc5 33. Rxc5
Re1+ 34. Kc2 hxg4 35. fxg4 Ke6 36. Be7 Re4 37. Rg5 Kf7 38. h5 1/2-1/2